| 000 | 00461nam a2200145Ia 4500 | ||
|---|---|---|---|
| 003 | GCL | ||
| 008 | 140319s9999 xx 000 0 ara d | ||
| 040 |
_aGCL / _cGCL |
||
| 082 | 0 | 4 |
_a350 _bم م |
| 100 | 1 | _aمهدى حسن زويلف | |
| 245 | 1 | 0 |
_aالمفاهيم الحديثة فى الادارة : النظريات والوظائف / _cمهدى حسن زويلف |
| 700 | 1 | _aمحمد قاسم القديوتى | |
| 300 | _a313 ث | ||
| 490 |
_a100 قصة _v0 |
||
| 999 |
_c43349 _d43349 |
||